<?xml version="1.0" encoding="UTF-8"?>
<record
    xmlns:xsi="http://www.w3.org/2001/XMLSchema-instance"
    xsi:schemaLocation="http://www.loc.gov/MARC21/slim http://www.loc.gov/standards/marcxml/schema/MARC21slim.xsd"
    xmlns="http://www.loc.gov/MARC21/slim">

  <leader>02169nam a2200301 a 4500</leader>
  <datafield tag="090" ind1=" " ind2=" ">
    <subfield code="a">IAVH</subfield>
    <subfield code="b">00765 CD-1</subfield>
  </datafield>
  <datafield tag="041" ind1=" " ind2=" ">
    <subfield code="a">spa</subfield>
  </datafield>
  <datafield tag="100" ind1=" " ind2=" ">
    <subfield code="a">Valencia Echeverry, Mauricio</subfield>
    <subfield code="9">92421</subfield>
  </datafield>
  <datafield tag="110" ind1=" " ind2=" ">
    <subfield code="b">Corporaci&#xF3;n Aut&#xF3;noma Regional de Risaralda</subfield>
    <subfield code="9">951</subfield>
  </datafield>
  <datafield tag="245" ind1=" " ind2=" ">
    <subfield code="a">Diagn&#xF3;stico de la cadenas de Heliconias y follajes en el Eje cafetero y en el Valle del Cauca</subfield>
  </datafield>
  <datafield tag="260" ind1=" " ind2=" ">
    <subfield code="a">Bogot&#xE1;</subfield>
    <subfield code="b">Instituto Alexander von Humboldt</subfield>
    <subfield code="b">CARDER</subfield>
    <subfield code="c">2005</subfield>
  </datafield>
  <datafield tag="300" ind1=" " ind2=" ">
    <subfield code="a">23 p.</subfield>
  </datafield>
  <datafield tag="520" ind1=" " ind2=" ">
    <subfield code="a">Se analiza la informaci&#xF3;n existente en las regiones sobre la demanda nacional e internacional de heliconias y follajes. En lo referente a la demanda, se identifican y caracterizan los principales comercializadores de heliconias del pa&#xED;s, se analiza la posible consolidaci&#xF3;n de una cadena productiva, se identifican las dificultades en la comercializaci&#xF3;n y problemas en la producci&#xF3;n, y se identifican los requerimientos de calidad para la exportaci&#xF3;n. En relaci&#xF3;n con la oferta, se identifican la oferta y el potencial exportador por regiones, las &#xE1;reas sembradas, las principales especies, las dificultades y problemas en las regiones productoras; se eval&#xFA;an las tecnolog&#xED;as utilizadas por la cadena, su eficiencia y efectividad; se analizan los costos de producci&#xF3;ny se eval&#xFA;a la competitividad de los productores.Finalmente se identifican los programas estatales de apoyo al sector, se identifican los procedimientos legales necesarios para la exportaci&#xF3;n y se eval&#xFA;a su eficiencia; se identifican los asistentes t&#xE9;cnicos para cumplir con la normatividad.</subfield>
  </datafield>
  <datafield tag="650" ind1=" " ind2=" ">
    <subfield code="a">Desarrollo sostenible</subfield>
    <subfield code="9">278</subfield>
  </datafield>
  <datafield tag="650" ind1=" " ind2=" ">
    <subfield code="a">Biocomercio</subfield>
    <subfield code="9">92419</subfield>
  </datafield>
  <datafield tag="650" ind1=" " ind2=" ">
    <subfield code="a">Heliconias</subfield>
    <subfield code="9">92422</subfield>
  </datafield>
  <datafield tag="650" ind1=" " ind2=" ">
    <subfield code="a">Oferta y demanda</subfield>
    <subfield code="9">597</subfield>
  </datafield>
  <datafield tag="650" ind1=" " ind2=" ">
    <subfield code="a">Cadenas productivas</subfield>
    <subfield code="9">6264</subfield>
  </datafield>
  <datafield tag="650" ind1=" " ind2=" ">
    <subfield code="a">Costos de producci&#xF3;n</subfield>
    <subfield code="9">92424</subfield>
  </datafield>
  <datafield tag="662" ind1=" " ind2=" ">
    <subfield code="a">Colombia</subfield>
    <subfield code="c">Andes</subfield>
  </datafield>
  <datafield tag="662" ind1=" " ind2=" ">
    <subfield code="a">Colombia</subfield>
    <subfield code="d">Pereira</subfield>
    <subfield code="b">Risaralda</subfield>
  </datafield>
  <datafield tag="662" ind1=" " ind2=" ">
    <subfield code="a">Colombia</subfield>
    <subfield code="d">Santa Rosa</subfield>
    <subfield code="b">Risaralda</subfield>
  </datafield>
  <datafield tag="662" ind1=" " ind2=" ">
    <subfield code="a">Colombia</subfield>
    <subfield code="d">Marsella</subfield>
    <subfield code="b">Risaralda</subfield>
  </datafield>
  <datafield tag="662" ind1=" " ind2=" ">
    <subfield code="a">Colombia</subfield>
    <subfield code="d">Balboa</subfield>
    <subfield code="b">Risaralda</subfield>
  </datafield>
  <datafield tag="662" ind1=" " ind2=" ">
    <subfield code="a">Colombia</subfield>
    <subfield code="d">Santuario</subfield>
    <subfield code="b">Risaralda</subfield>
  </datafield>
  <datafield tag="945" ind1=" " ind2=" ">
    <subfield code="d">2007-07-31</subfield>
  </datafield>
  <datafield tag="773" ind1="0" ind2=" ">
    <subfield code="0">5986</subfield>
    <subfield code="9">9704</subfield>
    <subfield code="a"></subfield>
    <subfield code="b"></subfield>
    <subfield code="d">Bogot&#xE1; Informatica documental 2007</subfield>
    <subfield code="o">024802</subfield>
    <subfield code="t">Informes de investigaciones IAVH en PDF</subfield>
    <subfield code="w"></subfield>
    <subfield code="x"></subfield>
    <subfield code="z"></subfield>
  </datafield>
  <datafield tag="999" ind1=" " ind2=" ">
    <subfield code="c">5995</subfield>
    <subfield code="d">5995</subfield>
  </datafield>
</record>
